000 00284nam a2200121 a 4500
008 100914s1970|||| d
245 1 0 _aMilánsky exkomunikátor
100 1 _aDéry, Tibor
260 _bTatran
_aBratislava
_c1970
020 _c17,60
044 _axo
_cSK
041 _aslo
999 _c10317
_d10317